Statistics for All Formula 1 podiums 2000–09

Click here to take the quiz!

General Stats

  • This quiz has been taken 591 times
  • The average score is 23 of 28

Answer Stats

Podiums Name Nationality % Correct
53Fernando AlonsoSpain
99%
62Kimi RäikkönenFinland
99%
83Michael SchumacherGermany
98%
28Felipe MassaBrazil
98%
27Lewis HamiltonUK
98%
24Jenson ButtonUK
97%
10Mark WebberAustralia
97%
21Ralf SchumacherGermany
96%
30Juan Pablo MontoyaColombia
95%
14Mika HäkkinenFinland
95%
9Robert KubicaPoland
94%
62Rubens BarrichelloBrazil
93%
32David CoulthardUK
91%
9Sebastian VettelGermany
88%
14Giancarlo FisichellaItaly
88%
2Jacques VilleneuveCanada
86%
10Jarno TrulliItaly
86%
4Heikki KovalainenFinland
83%
12Nick HeidfeldGermany
75%
1Takuma SatoJapan
74%
2Nico RosbergGermany
72%
1Pedro de la RosaSpain
61%
3Heinz-Harald FrentzenGermany
58%
2Alexander WurzAustria
54%
3Timo GlockGermany
53%
1Tiago MonteiroPortugal
53%
2Eddie IrvineUK
53%
1Nelsinho PiquetBrazil
47%

Score Distribution

Percentile by Number Answered

Percent of People with Each Score

Your Score History

You have not taken this quiz